| 000 | 00497cam a220019356 4500 | ||
|---|---|---|---|
| 001 | L149684 | ||
| 008 | 100408e20100327xxk 000 0 eng d | ||
| 035 | _a(Sirsi) u149684 | ||
| 041 | 0 | _aeng | |
| 100 | 1 | _aMay, Caroline | |
| 245 | 0 | 3 | _aAn indidious problem |
| 260 | _c2010 | ||
| 490 |
_aEstates Gazette _v(1012) 27 March 2010, 88-90(3) |
||
| 520 | _aThe | ||
| 590 | _aKA | ||
| 651 | 4 | _aENGLAND AND WALES | |
| 690 | _aPROPERTY-RURAL AND NATURAL ASSETS-LAND-CONTAMINATED LAND | ||
| 942 | _n0 | ||
| 999 |
_c82253 _d82253 |
||